000
00274nam a2200097Ia 4500
001
1228313
005
20250827093040.0
008
250824s9999 xx 000 0 und d
245
0
_a
ŞAPKA ÇİÇEK AÇTI
_c
AYSEL KORKUT
260
_b
ALTIN KİTAPLAR YAYINLARI
999
_c
1228313
_d
1228313